Krunker.io Weapons - Statistics

General Stats
  • This quiz has been taken 163 times
    98 since last reset
  • The average score is 13 of 16
Answer Stats
Class Weapon % Correct
Rocketeer Rocket Launcher
94%
Run N Gun Submachine Gun
94%
Melee/Runner Combat Knife
91%
Detective Revolver
91%
Vince Shotgun
91%
Bowman Crossbow
90%
Marksman Semi Auto
84%
Secondary Pistol
83%
Agent Akimbo Uzi
81%
Commando FAMAS
81%
Hunter Sniper Rifle
78%
Spray N Pray Machine Gun
74%
Secondary/Trooper Alien Blaster
73%
Killstreak Nuke
73%
Secondary/Deagler Desert Eagle
71%
Triggerman Assult Rifle
64%
No matching quizzes found
Score Distribution
Percent of People with Each Score
Percentile by Number Answered
Your Score History
You have not taken this quiz since the last reset